000 00896nam a2200301 a 4500
003 AR-BaBNM
005 20251128204801.0
008 082120s2002 ||||||||||||||000 | spa||
040 _cAR-BaBNM
100 1 _aMandelli, Humberto A.
245 0 0 _aLas escuelas donadas por Belgrano y su reglamento
260 _aBuenos Aires
_bInstituto Nacional Belgraniano
_bConvento de Santo Domingo
_c1995
300 _a63 p.
_bil.
490 0 _aCuadernos
_vv. 2
500 _aContiene índice bibliográfico en p. 62-63
650 4 _aREGLAMENTOS EDUCACIONALES
650 4 _aESCUELAS PUBLICAS
650 4 _aRELIGION
650 4 _aPOLITICA EDUCATIVA
650 4 _aDISCIPLINA
650 4 _aEDUCACION RELIGIOSA
650 4 _aPROGRAMAS DE EDUCACION
650 4 _aHISTORIA DE LA EDUCACION
651 4 _aArgentina
700 1 _aQuartaruolo, Mario V.
_eprologuista
942 _cBK
998 _cGLORIA
999 _c8809
_d8809